000 00330nam a22001457a 4500
008 230404b ||||| |||| 00| 0 eng d
020 _a9780911910193
041 _aeng
080 _2NINETEENTH EDITION
_a61
082 _a61ALB
100 _a5
101 _aMJEKSI
245 _aTHE MERCK MANUAL
_cALBERT.K.R
942 _2udc
_cBK
999 _c59496
_d59496